banner koha

Utilização de fosfitos e potencial de aplicação dos aminoácidos na agricultura tropical (Registro n. 298100)

MARC details
000 -LÍDER
campo de controle de tamanho fixo 01076nac a22003377a 4500
001 - NÚMERO DE CONTROLE
campo de controle BR2016003015
003 - IDENTIFICADOR DO NÚMERO DE CONTROLE
campo de controle BR-BrBNA
005 - DATA E HORÁRIO DA ÚLTIMA TRANSAÇÃO
campo de controle 20240105124034.0
008 - CAMPO DE DADOS FIXOS--INFORMAÇÃO GERAL
campo de controle de tamanho fixo 230509b bl.|||m| |||| 00| 0 por d
040 ## - FONTE DA CATALOGAÇÃO
Instituição da catalogação original BR-BrBNA
Idioma da catalogação por
Instituição que transcreveu o registro Biblioteca Nacional de Agricultura
072 ## - CÓDIGO DE CATEGORIA DE ASSUNTO
Código de Categoria de Assunto F62; F61
090 ## - NÚMERO DE CHAMADA LOCAL
Número de chamada 3830 BR2016003015
100 1# - ENTRADA PRINCIPAL--NOME PESSOAL
Nome pessoal Castro, P.R. de C. e
100 1# - ENTRADA PRINCIPAL--NOME PESSOAL
Nome pessoal Serciloto, C.M.
100 1# - ENTRADA PRINCIPAL--NOME PESSOAL
Nome pessoal Pereira, M.A.
100 1# - ENTRADA PRINCIPAL--NOME PESSOAL
Nome pessoal Rodrigues, J.L.M.
110 1# - ENTRADA PRINCIPAL--NOME CORPORATIVO
Nome corporativo ou nome da jurisdição Escola Superior de Agricultura Luiz de Queiroz, Piracicaba, SP (Brasil)
245 1# - TÍTULO
Título Utilização de fosfitos e potencial de aplicação dos aminoácidos na agricultura tropical
260 3# - PUBLICAÇÃO, DISTRIBUIÇÃO, ETC.
Local de publicação, distribuição, etc. Piracicaba, SP (Brasil):
Data da publicação, distribuição, etc. 2008.
300 ## - DESCRIÇÃO FÍSICA
Extensão 71 p.
490 ## - TÍTULO DA SÉRIE
Título da série Série Produtor Rural (Brazil)
Número do volume ou designação sequencial da série no. 38
ISSN - International Standard Serial Number ISSN 1414-4530
500 ## - NOTA GERAL
Nota geral Several bibliography; 7 illus.; 21 tables
650 ## - ASSUNTO--TERMO TÓPICO
Cabeçalho tópico ou nome geográfico AGRICULTURA
650 ## - ASSUNTO--TERMO TÓPICO
Cabeçalho tópico ou nome geográfico FÓSFORO
650 ## - ASSUNTO--TERMO TÓPICO
Cabeçalho tópico ou nome geográfico FOSFATO
650 ## - ASSUNTO--TERMO TÓPICO
Cabeçalho tópico ou nome geográfico AMINOÁCIDO
650 ## - ASSUNTO--TERMO TÓPICO
Cabeçalho tópico ou nome geográfico PLANTA
650 ## - ASSUNTO--TERMO TÓPICO
Cabeçalho tópico ou nome geográfico CRESCIMENTO
909 ## -
-- 202312
-- Lúcia Elande
-- 55
-- Lúcia Elande
942 ## - ELEMENTOS DE ENTRADA ADICIONADOS (KOHA)
Fonte da classificação ou esquema de arquivamento na estante Classificação AGRIS
Ocultar no OPAC Não
Tipo de material Koha Monografia Seriada
Exemplares
Situação do descarte Fonte da classificação ou esquema de arquivamento na estante Situação física Não pode ser emprestado Coleção Biblioteca de origem Biblioteca atual Localização na estante Total de empréstimos Número de telefone completo Código de barras Data de último acesso Tipo de material Koha Fonte de aquisição
  Classificação AGRIS       Biblioteca Nacional de Agricultura - Binagri Biblioteca Nacional de Agricultura - Binagri Agrobase - Acervo Geral   3830 BR2016003015 3830 BR2016003015 18/12/2023 Monografia Seriada Portaria Interministerial nº 164/94

BINAGRI

Telefone: (61)3218-2567/2388/3357/2097 - binagri@agro.gov.br

Ministério da Agricultura e Pecuária , Esplanada dos Ministérios, Bloco D, Anexo B, Brasília/DF, CEP: 70.043-900